|
|
|
|
| LEADER |
00000nab a2200000 a 4500 |
| 001 |
vtls000846514 |
| 003 |
SK-MaSNL |
| 005 |
20260302164813.0 |
| 008 |
160322c2003 xo 0 slo |
| 015 |
|
|
|a SNBRB2003/09-26239
|
| 035 |
|
|
|a CLN000198169
|
| 040 |
|
|
|a SNKBUCL
|b slo
|c SNKBUCL
|e AACR2
|
| 041 |
0 |
|
|a slo
|
| 044 |
|
|
|a xo
|c SK
|
| 080 |
|
|
|a 32-051
|2 UDC-MRF-SK2
|
| 080 |
|
|
|a 929 Nemcsics, Robert
|2 UDC-MRF-SK2
|
| 100 |
1 |
|
|a Šelestiaková, Katarína
|4 ain
|9 839103
|
| 245 |
1 |
0 |
|a Jánošík
|b Pavol Rusko odpálil z vlastných radov prvého ministra
|c Katarína Šelestiaková, Robert Nemcsics
|
| 300 |
|
|
|b Fotogr.
|
| 600 |
1 |
7 |
|a Nemcsics, Robert
|d 1961-
|2 snkbucl
|9 23733
|
| 655 |
|
7 |
|a články z novín a časopisov
|2 snkbucl
|9 267496
|
| 700 |
1 |
|
|a Nemcsics, Robert,
|d 1961-
|4 aut
|4 uin
|9 23733
|
| 773 |
0 |
|
|x 1210-2040
|t Plus 7 dní
|g Roč. 13, č. 38 (2003), s. 22-24
|
| 850 |
|
|
|a Slovenská národná knižnica v Martine
|
| 852 |
|
|
|a SNK
|b KIS3GCP
|
| 958 |
|
|
|a BX
|
| 958 |
|
|
|a RBX
|
| 999 |
|
|
|c 1387939
|d 1389869
|